The transfer of technology to developing countries

保存先:
書誌詳細
第一著者: Spencer, Daniel L.
フォーマット: 図書
言語:Undetermined
出版事項: New York Frederick A. Praeger Publishers 1967
主題:
タグ: タグ追加
タグなし, このレコードへの初めてのタグを付けませんか!
Thư viện lưu trữ: Trung tâm Học liệu Trường Đại học Cần Thơ
LEADER 00513nam a2200181Ia 4500
001 CTU_86648
008 210402s9999 xx 000 0 und d
082 |a 338 
082 |b S745 
100 |a Spencer, Daniel L. 
245 4 |a The transfer of technology to developing countries 
245 0 |c Daniel L. Spencer 
260 |a New York 
260 |b Frederick A. Praeger Publishers 
260 |c 1967 
650 |a Technology transfer 
904 |i Năm 
980 |a Trung tâm Học liệu Trường Đại học Cần Thơ